Foundations in microbiology / (Record no. 8164)
[ view plain ]
| 000 -LEADER | |
|---|---|
| fixed length control field | 00717nam a2200241 a 4500 |
| 001 - CONTROL NUMBER | |
| control field | 00006351 |
| 008 - FIXED-LENGTH DATA ELEMENTS--GENERAL INFORMATION | |
| fixed length control field | 110328s1996 iaua g 000 0 eng d |
| 020 ## - INTERNATIONAL STANDARD BOOK NUMBER | |
| ISBN | 0697261417 |
| 040 ## - CATALOGING SOURCE | |
| Original cataloging agency | BD-DhIUB |
| Transcribing agency | BD-DhIUB |
| 082 04 - DEWEY DECIMAL CLASSIFICATION NUMBER | |
| Classification number | 579 |
| Edition number | 19 |
| 100 1# - MAIN ENTRY--PERSONAL NAME | |
| Personal name | Talaro, Kathleen |
| 245 00 - TITLE STATEMENT | |
| Title | Foundations in microbiology / |
| Statement of responsibility, etc | Kathleen Talaro, Arthur Talaro |
| 250 ## - EDITION STATEMENT | |
| Edition statement | 2nd ed. |
| 260 ## - PUBLICATION, DISTRIBUTION, ETC. (IMPRINT) | |
| Place of publication, distribution, etc | Dubuque : |
| Name of publisher, distributor, etc | Wm. C. Brown Publishers, |
| Date of publication, distribution, etc | 1996. |
| 300 ## - PHYSICAL DESCRIPTION | |
| Extent | xxvi, 861+v.p. : |
| Other physical details | ill. ; |
| Dimensions | 28 cm. |
| 504 ## - BIBLIOGRAPHY, ETC. NOTE | |
| Bibliography, etc | Includes index and bibliographical references |
| 520 0# - SUMMARY, ETC. | |
| Summary, etc | Environment Management |
| 556 ## - INFORMATION ABOUT DOCUMENTATION NOTE | |
| Information about documentation note | 2000-08-09 |
| 526 ## - STUDY PROGRAM INFORMATION NOTE | |
| Department | microbiology |
| 650 17 - SUBJECT ADDED ENTRY--TOPICAL TERM | |
| Topical term or geographic name as entry element | Microbiology |
| Source of heading or term | Spines |
| 700 1# - ADDED ENTRY--PERSONAL NAME | |
| Personal name | Talaro, Arthur |
| Withdrawn status | Lost status | Source of classification or shelving scheme | Damaged status | Not for loan | Home library | Current library | Shelving location | Date acquired | Total Checkouts | Total Renewals | Full call number | Barcode | Date last seen | Date checked out | Copy number | Price effective from | Koha item type |
|---|---|---|---|---|---|---|---|---|---|---|---|---|---|---|---|---|---|
| Dewey Decimal Classification | Library, Independent University, Bangladesh (IUB) | Library, Independent University, Bangladesh (IUB) | General Stacks | 21/04/2011 | 5 | 1 | 579 T137m | 010801 | 27/02/2019 | 10/02/2019 | 1 | 16/05/2011 | Books | ||||
| Dewey Decimal Classification | Not For Loan | Library, Independent University, Bangladesh (IUB) | Library, Independent University, Bangladesh (IUB) | Pharmacy Corner | 21/04/2011 | 579 T137m | 010802 | 16/05/2011 | 2 | 16/05/2011 | Books |